000 00493nam a2200181 a 4500
001 1886
003 CO-ViMGA
008 141112s2004 ck r 000 u spa d
040 _aCO-ViMGA
_bspa
_cCO-ViMGA
082 0 4 _aBr 863.44 B719s
100 1 _aBraz, Julio Emilio
_96006
245 1 0 _aSaguairu
260 _aSantafé de Bogotá :
_bFondo de Cultura Económica,
_c1993
300 _a77 p : il
490 _aA la orila del viento, 2
650 1 4 _aCUENTOS BRASILEÑOS
_94907
942 _2ddc
_cBK
999 _c14039
_d14039